| 000 | 00571nam a22001577a 4500 | ||
|---|---|---|---|
| 003 | NUST | ||
| 082 | _a670 | ||
| 100 |
_a UBAID ,MUHAMMAD KAMAL _9122373 |
||
| 245 |
_aDesign and Development of Control System for Selective Laser Melting Machine / _cMUHAMMAD KAMAL UBAID |
||
| 264 |
_aIslamabad: _bSMME- NUST. _c2021. |
||
| 300 |
_a63p. ; _b Soft Copy, _c30cm. |
||
| 650 |
_aMS Design and Manufacturing Engineering _9119567 |
||
| 700 |
_aSupervisor : Dr. Shamraiz Ahmed _9122374 |
||
| 856 | _uhttp://10.250.8.41:8080/xmlui/handle/123456789/25840 | ||
| 942 |
_2ddc _cTHE |
||
| 999 |
_c608869 _d608869 |
||